A digitális kompetenciák megjelenése a zenepedagógiában

Elmentve itt :
Bibliográfiai részletek
Szerző: Varjasi Gyula
Testületi szerző: Zenei évfordulók (20.) (2019) (Szeged)
Dokumentumtípus: Könyv része
Megjelent: 2020
Sorozat:A Juhász Gyula Pedagógusképző Kar Ének-Zene Tanszékének kiadványai
Kortársaink a művészetekben : tanulmánykötet
Nemzetközi Zenei Konferencia
Kulcsszavak:Zenepedagógia, Zenei nevelés, Digitális oktatás - módszer
Tárgyszavak:
Online Access:http://acta.bibl.u-szeged.hu/74348
LEADER 00964naa a2200241 i 4500
001 acta74348
005 20260312150318.0
008 220218s2020 hu o 100 hun d
020 |a 978-963-315-421-2 
040 |a SZTE Egyetemi Kiadványok Repozitórium  |b hun 
041 |a hun 
100 1 |a Varjasi Gyula 
245 1 2 |a A digitális kompetenciák megjelenése a zenepedagógiában  |h [elektronikus dokumentum] /  |c  Varjasi Gyula 
260 |c 2020 
300 |a 133-136 
490 0 |a A Juhász Gyula Pedagógusképző Kar Ének-Zene Tanszékének kiadványai 
490 0 |a Kortársaink a művészetekben : tanulmánykötet 
490 0 |a Nemzetközi Zenei Konferencia 
650 4 |a Társadalomtudományok 
650 4 |a Oktatástudomány 
695 |a Zenepedagógia, Zenei nevelés, Digitális oktatás - módszer 
710 |a Zenei évfordulók (20.) (2019) (Szeged) 
856 4 0 |u http://acta.bibl.u-szeged.hu/74348/1/enek_zene_tanszek_2020_133-136.pdf  |z Dokumentum-elérés